A reader's guide to the nineteenth century British novel.

Bibliographic Details
Main Author: Karl, Frederick R. (Frederick Robert), 1927-2004
Format: Book
Language:English
Published: [New York] : [Noonday Press], [1965]
Subjects:

MARC

Tag First Indicator Second Indicator Subfields
LEADER 00000cam a2200000 4500
001 in00000021877
005 20151007063756.0
008 720310r19651964nyu 00000 eng u
035 |a (OCoLC)00261157 
035 |9 AAD8218AM 
040 |c MRC  |d TXA  |d UtOrBLW 
049 |a TXAM  |c [413164] 
090 |a PR863  |b .K3 
092 |a 823.09  |b K18re 
100 1 |a Karl, Frederick R.  |q (Frederick Robert),  |d 1927-2004. 
245 1 2 |a A reader's guide to the nineteenth century British novel. 
264 1 |a [New York] :  |b [Noonday Press],  |c [1965] 
264 4 |c [©1964] 
300 |a 374 pages 
336 |a text  |b txt  |2 rdacontent 
337 |a unmediated  |b n  |2 rdamedia 
338 |a volume  |b nc  |2 rdacarrier 
500 |a Originally published as An age of fiction: the nineteenth century British novel. 
650 0 |a English fiction  |y 19th century  |x History and criticism. 
999 |a MARS 
999 f f |s 84118fb9-bc29-346e-9a53-1f178cbf8643  |i 5854104b-b1ba-3729-abc9-182236322aca  |t 0 
952 f f |p ric  |a Texas A&M University  |b Rellis Campus  |c Joint Library Facility  |d Remote Storage  |t 0  |e PR863 .K3  |h Library of Congress classification  |i unmediated -- volume  |m A14801335413 
998 f f |a PR863 .K3  |t 0  |l Remote Storage